000
00240nam a22001097a 4500
040
_c
SK
082
_a
631
100
_a
NA
245
_a
Genetic improvement of forest trees through selection and breeding
260
_a
NA
_b
NA
_c
NA
942
_c
EK
999
_c
9809
_d
9809